1591 1550 1640 1287 1808 1355 1373 1434 1766 1956 1890 1182 1206 1426 1388 1898 1358 1789 1102 1663 1989 1099 1264 1665 1900 1712 1231 1818 1717 1873 1304 1084 1216 1661 1949 1230 1341 1298 1864 1636 1585 1553 1241 1252 1614 1063 1895 1581 1021 1429 1564 1908 1990 1510 1169 1616 1493 1569 1539 1693 1946 1072 1905 1951 1894 1897 1039 1362 1009 1881 1018 1932 1665 1245 1321 1358 1694 1106 1082 1525 1436 1434 1224 1504 1669 1412 1882 1198 1845 1751 1382 1432 1539 1675 1596 1598 1621 1508 1829 BCNSPRNW ULIB Ver.6.0+V

เปลี่ยนเป็นภาษาไทย

Change to English
 แสดงรายละเอียดบรรณานุกรม
  กลับหน้าหลัก

Brief Record : Get Marc (ISO 2709) : E-mail record : QR code < ปิดหน้าต่าง
LEADER : 00000nam 2200000uu 4500
001    13399127699
003     ULIB
008    210420s2562||||th 000 0 tha d
020    ^a9786167854144
060  4 ^aWT100^bสส677
245 00 ^aสาระสำคัญ "การพัฒนาศักยภาพทีมนำประเด็นการเตรียมความพร้อมสังคมสูงอายุ" ระหว่างวันที่ 1-3 เมษายน 2562ณ ห้องประชุมกัลปพฤกษ์ โรงแรมเวสเทิร์นแกรนด์ ราชบุรี อำเภอเมืองจังหวัดราชบุรี /^cกองบรรณาธิการ, ทัศนีย์ ญาณะ, วาสนา โกสีย์วัฒนา,พฤกษา บุกบุญ
246 30 ^aการพัฒนาศักยภาพทีมนำ ประเด็นการเตรียมความพร้อมสังคมสูงอายุ
260    ^aนนทบุรี :^bมูลนิธิสถาบันวิจัยและพัฒนาระบบสุขภาพชุมชน (มสพช.),^c2562
300    ^a54 หน้า :^bภาพประกอบสี ;^c19 ซม.
650  4 ^aผู้สูงอายุ
650  4 ^aระบบบริการสุขภาพ
650  4 ^aคุณภาพชีวิตผู้สูงอายุ
700 0  ^aทัศนีย์ ญาณะ,^eบรรณาธิการ
700 0  ^aพฤกษา บุกบุญ,^eบรรณาธิการ
710 2  ^aมูลนิธิสถาบันวิจัยและพัฒนาระบบสุขภาพชุมชน (มสพช.)
945    ^p0^l0^i008024
999    ^aประนอม เกษจรัล
รายการนี้ยังไม่มีแท็ก
คุณยังไม่ได้ล็อกอิน คุณสามารถมีกิจกรรมร่วมกับเว็บไซต์ได้ แต่ต้องล็อกอินก่อน ::
  ล็อกอิน

รายการสื่อสารสนเทศ

ลำดับที่ ประเภท เลขเรียก/บาร์โค้ด สถานที่ สถานะ
1. วิทยาศาสตร์การแพทย์ และสุขภาพ
วิทยาศาสตร์การแพทย์ และสุขภาพ
WT100 สส677 ฉ.1 
  Barcode: 008024
ห้องสมุดวิทยาเขตสวรรค์ประชารักษ์
►หนังสือทั่วไป
บนชั้น

รายการใกล้เคียง
    หัวเรื่อง [ผู้สูงอายุ]
    หัวเรื่อง [ระบบบริการสุขภาพ]
    หัวเรื่อง [คุณภาพชีวิตผู้สูงอายุ]

BibComment


ยังไม่เคยถูกคอมเมนท์

คอมเมนท์ทรัพยากรรายการนี้
  คอมเมนท์: สาระสำคัญ การพัฒ..


 Copyright 2026. Bcnsprnw @Library